Statistics for Musical Acts by State - Alaska

Click here to take the quiz!

General Stats

  • This quiz has been taken 33 times
  • The average score is 2 of 30

Answer Stats

City/TownSongsAnswer% Correct
Anchorage/Homer (born in Utah)Foolish Games | You Were Meant For MeJewel
83%
WasillaFeel It Still | Modern JesusPortugal. The Man
55%
AnchorageBloodwork | Slit Wrist Theory36 Crazyfists
3%
AnchorageUh-Huh (Ain’t Nothin’ Like Money In A Ziplock Bag) | Ladies Coming OverJoker The Bailbondsman
3%
FairbanksCan't Live Without Your Love | Wild AwayKelly Moneymaker
3%
Anchorage (founded in Oregon)Bringin' Home the Rain | Bottom Of The LakeThe Builders and the Butchers
3%
JuneauTreble Heart | WordsAnna Graceman
0%
GirdwoodMountain Song | New LightAva Earl
0%
CordovaTell Me A Story | Sweet PeaBearfoot
0%
FairbanksI'm From Fairbanks | The NorthBishop Slice
0%
SewardTumbleweeds | Alaska SongBlackwater Railroad Company
0%
Toksook BayAlaskan Grown | I am Yup'ikByron Nicholai
0%
AnchorageDrag The River | Hold Me DownDivides
0%
Sitka (born in Washington)Perhaps Perhaps Perhaps | A Woman's WayHalie Loren
0%
North PoleBuzzkill | LonelyIntuition
0%
NightmuteI'll Rock You To The Rhythm Of The Ocean | Hey, Hey, Hey, BrotherJohn Angaiak
0%
AnchorageAll That Glitters | Tongue TiedKate Earl
0%
FairbanksDesde Que Te Perdí | Anoche Soñé ContigoKevin Johansen
0%
AnchorageAll I Got | Mistakes Of My YouthKwesi
0%
AnchorageHow Could Anyone | Low To The GroundLibby Roderick
0%
FairbanksThere Is Power | While I WaitLincoln Brewster
0%
JuneauLazy Girl | Love Me!Macy Rodman
0%
AnchorageOcean Prayer | Bubble GumPamyua
0%
AnchorageErase Me | Mary AleeQuinn Christopherson
0%
PalmerRoots | I LivedRedhead Express
0%
FairbanksFooled Ya | BubblesRick Holmstrom
0%
Eagle RiverThe Cremation of Sam McGee | All StarSeth Boyer
0%
FairbanksI'm From Fairbanks | What's N Ur HeadStarbuks
0%
AnchorageBaby Still Too Fat | Punk Gangs Of Our Glistening DreamscapeStarship Amazing
0%
AnchorageLiving Fast | Why We Do ItTayy Tarantino
0%

Score Distribution

Percentile by Number Answered

Percent of People with Each Score

Your Score History

You have not taken this quiz